000 02430nam a2200289 a 4500
001 000015891
005 20200929164206.0
008 100222s1997 dr 001 0 spa d
040 _aDO-SdBNP
_bspa
_cBNPHU
041 1 7 _aspa
_beng
082 _a343.077
_bR426L
110 2 _aRepública Dominicana.
_9447
240 1 0 _a[Leyes, etc.]
245 1 0 _aLey minera de la República Dominicana y regulaciones ambientales relacionadas = Mining law of the Dominican Republic and regulations relative to the environment.
246 1 1 _aMining law of the Dominican Republic and regulations relative to the environment
260 _aSanto Domingo :
_bRussin, Vecchi & Heredia Bonetti,
_c1997.
300 _a341 p. ;
_c23 cm.
505 0 _tLey Nº. 146 Ley Minera de la República Dominicana --
_tDec. Nº. 155-87 Decreto que crea e integra la Comisión Nacional para el Medio Ambiente --
_tLey Nº. 5856 Conservación Forestal y Árboles Frutales
_tLey Nº. 67 Ley que crea la Dirección Nacional de Parques --
_tLey Nº. 112-87 Ley que establece el Servicio Forestal Obligatorio --
_tLey Nº. 290 Ley sobre incentivo al desarrollo forestal
_tLey Nº. 291 Ley que modifica las Leyes 211 y 705 de 1967 y 1982 respectivamente --
_tLey Nº. 632 Ley que prohíbe el corte o la tala de árboles o matas en las cabeceras de los ríos y arroyos que nutren las cuencas hidrográficas de todo el país --
_tLey Nº. 487 Control de la explotación y conservación de las aguas subterráneas --
_tDec. Nº. 226-90 Decreto que prohíbe la descarga de desperdicios y desechos químicos y orgánicos en las corrientes de los ríos y sus afluentes en todo el país --
_tLey Nº. 218
_tDec. Nº. 297-87 Decreto que declara Patrimonio Natural de la Nación, todas las cuevas, cavernas y demás cavidades subterráneas situadas en el territorio nacional --
_tLey Nº. 564 Ley para la protección y preservación de los objetos etnológicos y arqueológicos nacionales --
_tReg. Nº. 807 Reglamento sobre Higiene y Seguridad Industrial
590 _aInventariado, 2018/VM
650 4 _aDerecho minero
_xLegislación
_929624
650 4 _aMinas
_xLegislación
_935769
650 4 _aProtección del medio ambiente
_xLegislación
_934341
650 4 _aMinería a cielo abierto
_xAspectos ambientales
_xLegislación
_935770
651 4 _aRepública Dominicana
_xLeyes
_916541
651 4 _aRepública Dominicana
_xLey 146
_935771
910 _aValidado. Control de calidad EMS
999 _c15433
_d15433